000 00447nam a22001577a 4500
005 20251108165323.0
008 250721s1982 xx 000 0 ara d
082 1 4 _a634.8/إبر
100 1 _aالسعيدي، إبراهيم حسن محمد
245 1 0 _aزراعة و إنتاج الكروم /
264 1 _aالموصل :
_bجامعة الموصل،
_c1982.
300 _a602ص
650 1 7 _aالعنب
942 _2ddc
_cBK
999 _c25014
_d25014